000 00425nam a2200157 i 4500
001 94870
003 ES-MaACL
005 20230906181556.0
007 t|
008 050517s1905 sp ||||1| spa d
100 1 _aLuceño, Tomás.
_974566
245 1 0 _aMemorias a la familia /
_cpor Tomás Luceño.
260 _aMadrid :
_b[s.n.],
_c1905 (
_fF.Rodríguez Ojeda)
300 _a109 p. ;
_c18 cm.
852 _aES-MaACL
_jD-1840
999 _c94870
_d94870